|
|
|
|
| LEADER |
01051nam a22002417a 4500 |
| 001 |
AAL1967 |
| 003 |
BD-DhAAL |
| 005 |
20260429122015.0 |
| 008 |
160314s 1988bg ||||| b||| 00| 0 ben d |
| 040 |
|
|
|a BD-DhAAL
|c BD-DhAAL
|
| 082 |
|
|
|a 338.95492
|
| 100 |
|
|
|a সেন, অনুপম.
|9 18518
|
| 245 |
|
|
|a বাংলাদেশ :রাষ্ট্র ও সমাজ :
|b সামাজিক অর্থনীতির স্বরুপ /
|c অনুপম সেন.
|
| 250 |
|
|
|a First edition.
|
| 260 |
|
|
|a ঢাকা :
|b সাহিত্যসমবায়,
|c ১৯৮৮.
|
| 300 |
|
|
|a ১২৫ পৃষ্ঠা ;
|c ২২ সে.মি.
|
| 504 |
|
|
|6 Includes bibliography
|
| 541 |
|
|
|e 1967
|
| 650 |
|
|
|a Economic policy
|z Bangladesh.
|9 18519
|
| 852 |
|
|
|a Savar Campus Library
|c General Shelf
|
| 942 |
|
|
|2 ddc
|c BK
|
| 999 |
|
|
|c 37116
|d 37116
|
| 952 |
|
|
|0 0
|1 0
|2 ddc
|3 Change the Call No. within the book
|4 0
|6 338_954920000000000_SEN
|7 0
|9 58377
|a SCL
|b SCL
|c GEN
|d 2016-03-14
|g 55.00
|l 0
|o 338.95492 SEN
|p 3020001967
|r 2026-05-03
|t 1
|w 2016-03-14
|y BK
|